000
00221nam a22000977a 4500
999
_c
15867
_d
15867
003
OSt
008
191022b ||||| |||| 00| 0 eng d
100
_a
Paniker,K M.
_9
4359
245
_a
A survey of Indian History
942
_c
BK